000 00340nam a2200097Ia 4500
008 220120s9999||||xx |||||||||||||| ||und||
100 _aAshwin, Vandana, Manasa and Rashmi
_912647
245 0 _aEfficient public key cryptosystem for scalable data sharing
260 _aCoorg Institute of Technology
_bPonnampet
_c2017
650 _aCOMPUTER SCIENCE
999 _c138246
_d138246